000 00445nam a2200169Ia 4500
003 GCL
008 140319s9999 xx 000 0 ara d
040 _aGCL /
_cGCL
082 0 4 _a615.5992
_bح ط
100 1 _aحسين حلمى
245 1 0 _aطفولة سعيدة /
_cحسين حلمى
260 _a[S.N] :
_bمركز رعاية الطفل ،
_c1988
300 _a128 ص
490 _a
650 0 4 _aطب الاطفال
942 _2ddc
_cBK
999 _c37375
_d37375